[Event "TUR-chT 1st League"]
[Site "Konya"]
[Date "2022.08.28"]
[Round "9.8"]
[White "Kaplan, Ebru"]
[Black "Gundogan, Sinem Cagla"]
[Result "1/2-1/2"]
[WhiteElo "1944"]
[BlackElo "1860"]
[PlyCount "47"]
[EventDate "2022.08.22"]
[EventType "team-swiss"]
[EventRounds "9"]
[EventCountry "TUR"]
[SourceTitle "CBM 209 Extra"]
[Source "ChessBase"]
[SourceDate "2022.09.30"]
[SourceVersion "1"]
[SourceVersionDate "2022.09.30"]
[SourceQuality "1"]
[WhiteTeam "Bulancak Ihsaniye Genclik"]
[BlackTeam "Denizli Metin Surmeli"]
[WhiteTeamCountry "TUR"]
[BlackTeamCountry "TUR"]

1. e4 e5 2. Nf3 Nc6 3. Bc4 Bc5 4. 0-0 Nf6 5. d3 d6 6. c3 a6 7. Bb3 Ba7 8. Nbd2 0-0 9. h3 h6 10. Re1 Ne7 11. Nf1 Ng6 12. Ng3 Be6 13. Be3 Bxe3 14. fxe3 Bxb3 15. axb3 d5 16. exd5 Qxd5 17. Qc2 Rfe8 18. Kh2 Rad8 19. Rad1 Qe6 20. Kg1 Qd5 21. Kh2 Qe6 22. Kg1 Qd5 23. Kh2 Qe6 24. Kg1 1/2-1/2

[Event "TUR-chT 1st League"]
[Site "Konya"]
[Date "2022.08.27"]
[Round "8.10"]
[White "Gundogan, Sinem Cagla"]
[Black "Ciftci, Zeynep"]
[Result "1/2-1/2"]
[WhiteElo "1860"]
[BlackElo "2153"]
[PlyCount "68"]
[EventDate "2022.08.22"]
[EventType "team-swiss"]
[EventRounds "9"]
[EventCountry "TUR"]
[SourceTitle "CBM 209 Extra"]
[Source "ChessBase"]
[SourceDate "2022.09.30"]
[SourceVersion "1"]
[SourceVersionDate "2022.09.30"]
[SourceQuality "1"]
[WhiteTeam "Denizli Metin Surmeli"]
[BlackTeam "Karsiyaka Ihtisas"]
[WhiteTeamCountry "TUR"]
[BlackTeamCountry "TUR"]

1. d4 d5 2. Nf3 Nf6 3. e3 c5 4. b3 cxd4 5. exd4 Bg4 6. Bd3 Nc6 7. Bb2 g6 8. 0-0 Bg7 9. Nbd2 0-0 10. h3 Bxf3 11. Nxf3 Rc8 12. a3 Qb6 13. Re1 Nh5 14. Ne5 Nxe5 15. dxe5 Nf4 16. Bf1 Rfd8 17. g3 Ne6 18. b4 d4 19. Bd3 Bh6 20. Rb1 Nc7 21. Re4 Ne6 22. f4 Kh8 23. Qe1 Rg8 24. Qf2 Rcd8 25. Rd1 g5 26. f5 g4 27. fxe6 Be3 28. Rxe3 dxe3 29. Qe2 gxh3 30. exf7 Rxg3+ 31. Kh2 Rg7 32. e6 Qd6+ 33. Kh1 Qd5+ 34. Kh2 Qd6+ 1/2-1/2

[Event "TUR-chT 1st League"]
[Site "Konya"]
[Date "2022.08.26"]
[Round "7.9"]
[White "Soydan, Busra"]
[Black "Gundogan, Sinem Cagla"]
[Result "1-0"]
[WhiteElo "1602"]
[BlackElo "1860"]
[PlyCount "83"]
[EventDate "2022.08.22"]
[EventType "team-swiss"]
[EventRounds "9"]
[EventCountry "TUR"]
[SourceTitle "CBM 209 Extra"]
[Source "ChessBase"]
[SourceDate "2022.09.30"]
[SourceVersion "1"]
[SourceVersionDate "2022.09.30"]
[SourceQuality "1"]
[WhiteTeam "Karaman Saglik"]
[BlackTeam "Denizli Metin Surmeli"]
[WhiteTeamCountry "TUR"]
[BlackTeamCountry "TUR"]

1. d4 d5 2. Nf3 Nf6 3. Bf4 e6 4. e3 Bd6 5. Bg3 c5 6. c3 Qc7 7. Nbd2 Nbd7 8. Bd3 0-0 9. 0-0 Bxg3 10. hxg3 e5 11. Bc2 b6 12. Nh4 Ba6 13. Re1 g6 14. g4 e4 15. g3 Rfd8 16. Kg2 h6 17. Rc1 Qd6 18. f4 exf3+ 19. Qxf3 Qe6 20. Bb3 c4 21. Bd1 Re8 22. Kf2 Nf8 23. Ng2 g5 24. Nf4 gxf4 25. gxf4 N8h7 26. Rh1 Ne4+ 27. Nxe4 dxe4 28. Qh3 Kg7 29. Be2 Rh8 30. Rcg1 Qf6 31. Ke1 Nf8 32. g5 Qc6 33. gxh6+ Kf6 34. Qh4+ Ke6 35. Bg4+ Kd6 36. Qf6+ Ne6 37. f5 Qd5 38. fxe6 fxe6 39. Rh5 Qc6 40. Bxe6 Kc7 41. Qe5+ Qd6 42. Rg7+ 1-0

[Event "TUR-ch (Women)"]
[Site "Corum"]
[Date "2021.06.14"]
[Round "2"]
[White "Tirpan, Ceren"]
[Black "Gundogan, Sinem Cagla"]
[Result "0-1"]
[WhiteElo "1379"]
[BlackElo "1875"]
[PlyCount "62"]
[EventDate "2021.06.13"]
[EventType "swiss"]
[EventRounds "7"]
[EventCountry "TUR"]
[SourceTitle "CBM 203 Extra"]
[Source "ChessBase"]
[SourceDate "2021.09.30"]
[SourceVersion "1"]
[SourceVersionDate "2021.09.30"]
[SourceQuality "1"]

1. e4 e5 2. Nf3 Nc6 3. Bc4 Nf6 4. Nc3 Nxe4 5. Nxe4 d5 6. Bd3 dxe4 7. Bxe4 Bd6 8. 0-0 0-0 9. h3 f5 10. Bd5+ Kh8 11. d4 Nxd4 12. Ng5 Qe8 13. c3 Ne6 14. Nxe6 Bxe6 15. Bxb7 Rb8 16. Bd5 e4 17. Bxe6 Qxe6 18. f4 Bc5+ 19. Kh1 Rfd8 20. Qe2 Rd3 21. b4 Bb6 22. a4 Qc4 23. Re1 Qxc3 24. Bb2 Qd2 25. Qxd2 Rxd2 26. Be5 Bf2 27. Rec1 e3 28. Rxc7 e2 29. Kh2 Rd1 30. Bc3 Rxa1 31. Rxg7 Bg1+ 0-1

[Event "TUR-ch (Women)"]
[Site "Ankara"]
[Date "2020.03.08"]
[Round "9"]
[White "Demirtas, Hafize"]
[Black "Gundogan, Sinem Cagla"]
[Result "0-1"]
[WhiteElo "1753"]
[BlackElo "1833"]
[PlyCount "110"]
[EventDate "2020.03.02"]
[EventType "swiss"]
[EventRounds "9"]
[EventCountry "TUR"]
[SourceTitle "CBM 195 Extra"]
[Source "ChessBase"]
[SourceDate "2020.05.31"]
[SourceVersion "1"]
[SourceVersionDate "2020.05.31"]
[SourceQuality "1"]

1. e4 e5 2. f4 exf4 3. Nf3 Ne7 4. d4 d5 5. exd5 Nxd5 6. Bc4 Be6 7. 0-0 Ne3 8. Bb5+ c6 9. Bxe3 fxe3 10. Bd3 Bd6 11. Na3 Nd7 12. Nc4 Bxc4 13. Bxc4 0-0 14. Qd3 Qe7 15. Rae1 Rae8 16. Qf5 h6 17. g3 Nb6 18. Bd3 g6 19. Qh3 Kg7 20. Nh4 Nd5 21. c4 Nb4 22. Bb1 Qe6 23. Qxe6 Rxe6 24. a3 Na6 25. c5 Be7 26. Nf3 Bf6 27. Re2 Rd8 28. Ba2 Re7 29. Rfe1 Bxd4 30. Nxd4 Rxd4 31. Rxe3 Rxe3 32. Rxe3 Nxc5 33. Kf1 Rd2 34. Re7 Rd7 35. Re3 f5 36. g4 Kf6 37. Re8 Ne4 38. Re6+ Kg5 39. gxf5 gxf5 40. Ke1 h5 41. Bb1 Nd2 42. Ba2 Nf3+ 43. Kf2 Nxh2 44. Re2 Ng4+ 45. Kg1 h4 46. Be6 Rd1+ 47. Kg2 Rd3 48. Re1 Rg3+ 49. Kh1 h3 50. Rf1 f4 51. Bc8 Rg2 52. Bxg4 Kxg4 53. Rb1 f3 54. b4 Kg3 55. Rb3 h2 0-1

[Event "TUR-ch (Women)"]
[Site "Ankara"]
[Date "2020.03.06"]
[Round "7"]
[White "Gundogan, Sinem Cagla"]
[Black "Hereklioglu, Sude"]
[Result "1-0"]
[WhiteElo "1833"]
[BlackElo "1952"]
[PlyCount "51"]
[EventDate "2020.03.02"]
[EventType "swiss"]
[EventRounds "9"]
[EventCountry "TUR"]
[SourceTitle "CBM 195 Extra"]
[Source "ChessBase"]
[SourceDate "2020.05.31"]
[SourceVersion "1"]
[SourceVersionDate "2020.05.31"]
[SourceQuality "1"]

1. d4 g6 2. Nf3 Bg7 3. Bf4 Nf6 4. Nc3 d6 5. Qd2 c6 6. Bh6 Bxh6 7. Qxh6 Bf5 8. 0-0-0 b5 9. Ng5 Qa5 10. f3 b4 11. Nb1 d5 12. e4 b3 13. axb3 dxe4 14. Bc4 Na6 15. Bxf7+ Kd7 16. g4 Nb4 17. Na3 Na2+ 18. Kb1 Nc3+ 19. bxc3 Qxa3 20. gxf5 a5 21. Nxe4 Nxe4 22. fxe4 a4 23. Qc1 Qd6 24. b4 a3 25. Ka2 Rhb8 26. Bb3 1-0

[Event "TUR-ch (Women)"]
[Site "Ankara"]
[Date "2020.03.03"]
[Round "3"]
[White "Gundogan, Sinem Cagla"]
[Black "Sahin, Handenur"]
[Result "1-0"]
[WhiteElo "1833"]
[BlackElo "2024"]
[PlyCount "123"]
[EventDate "2020.03.02"]
[EventType "swiss"]
[EventRounds "9"]
[EventCountry "TUR"]
[SourceTitle "CBM 195 Extra"]
[Source "ChessBase"]
[SourceDate "2020.05.31"]
[SourceVersion "1"]
[SourceVersionDate "2020.05.31"]
[SourceQuality "1"]

1. e4 e5 2. Nf3 Nc6 3. Bc4 Nf6 4. d3 Bc5 5. c3 d6 6. Bb3 a6 7. 0-0 Ba7 8. Nbd2 0-0 9. h3 Ne7 10. Re1 Ng6 11. Nf1 h6 12. Ng3 b5 13. a4 Bb7 14. Bd2 Re8 15. Qc1 d5 16. Nh2 dxe4 17. dxe4 Qd3 18. Be3 Bxe3 19. Rxe3 Qd7 20. Qe1 Rad8 21. Rd1 Qc6 22. axb5 axb5 23. Nf3 Qb6 24. Bc2 c5 25. Nf5 c4 26. N3h4 Kh7 27. b3 Nf4 28. bxc4 bxc4 29. Rb1 Qc7 30. Ba4 Re6 31. Rg3 g6 32. Bc2 N6h5 33. Ne3 Nxg3 34. fxg3 Nd3 35. Bxd3 cxd3 36. Ng4 h5 37. Nf2 Rb6 38. Rd1 Qc5 39. Kh2 Ba6 40. Qd2 Rf6 41. Nf3 Kg7 42. Ra1 Bc4 43. Nd1 Ra6 44. Rxa6 Bxa6 45. Ne3 Bb7 46. Nf5+ Kg8 47. Qg5 Qf8 48. Nxe5 Kh7 49. Nxf7 Qxf7 50. Qxd8 gxf5 51. exf5 Be4 52. g4 hxg4 53. Qh4+ Kg8 54. Qxg4+ Qg7 55. Qxe4 Qxc3 56. Qe6+ Kh7 57. Qg6+ Kh8 58. Qe8+ Kh7 59. Qe7+ Kh6 60. f6 Qd4 61. Qg7+ Kh5 62. g4+ 1-0

[Event "TUR-chT Clubs"]
[Site "Konya"]
[Date "2019.07.17"]
[Round "3.5"]
[White "Gundogan, Sinem Cagla"]
[Black "Dogan, Sibel"]
[Result "1-0"]
[WhiteElo "1806"]
[BlackElo "1596"]
[PlyCount "101"]
[EventDate "2019.07.16"]
[EventType "team-swiss"]
[EventRounds "9"]
[EventCountry "TUR"]
[SourceTitle "CBM 191 Extra"]
[Source "ChessBase"]
[SourceDate "2019.09.30"]
[SourceVersion "1"]
[SourceVersionDate "2019.09.30"]
[SourceQuality "1"]
[WhiteTeam "Borcelik Bursa Deneyim"]
[BlackTeam "Busan Genclik"]
[WhiteTeamCountry "TUR"]
[BlackTeamCountry "TUR"]

1. e4 c5 2. Nc3 d6 3. g3 Nc6 4. Bg2 g6 5. d3 Bg7 6. Be3 e5 7. Qd2 Nge7 8. Bh6 0-0 9. h4 Kh8 10. Bxg7+ Kxg7 11. h5 Ng8 12. hxg6 fxg6 13. Nd5 Nce7 14. 0-0-0 b5 15. Nh3 b4 16. Kb1 a5 17. f4 Nxd5 18. exd5 Bxh3 19. Rxh3 exf4 20. gxf4 Qf6 21. Rf1 Qf5 22. Rfh1 h6 23. Rh4 Rf6 24. Bh3 Qxd5 25. Bg2 Qe6 26. Bxa8 d5 27. Qe1 Qd6 28. Qe5 Qxe5 29. fxe5 Re6 30. Bxd5 Rxe5 31. Bxg8 Kxg8 32. Rxh6 Kg7 33. Rh7+ Kf6 34. b3 g5 35. Ra7 g4 36. Rg1 Rg5 37. Rxa5 g3 38. d4 Kg6 39. Rxc5 Rg4 40. Rg2 Rxd4 41. Rxg3+ Kf6 42. Rc4 Rd1+ 43. Kb2 Ke6 44. Rxb4 Re1 45. Rd3 Re5 46. a4 Ra5 47. Rb5 Ra8 48. c4 Ke7 49. c5 Rc8 50. a5 Ke6 51. a6 1-0

[Event "TUR-chT Clubs"]
[Site "Konya"]
[Date "2019.07.17"]
[Round "2.6"]
[White "Gundogan, Sinem Cagla"]
[Black "Hanci, Ilker"]
[Result "0-1"]
[WhiteElo "1806"]
[BlackElo "1577"]
[PlyCount "150"]
[EventDate "2019.07.16"]
[EventType "team-swiss"]
[EventRounds "9"]
[EventCountry "TUR"]
[SourceTitle "CBM 191 Extra"]
[Source "ChessBase"]
[SourceDate "2019.09.30"]
[SourceVersion "1"]
[SourceVersionDate "2019.09.30"]
[SourceQuality "1"]
[WhiteTeam "Borcelik Bursa Deneyim"]
[BlackTeam "Sinop Kultur"]
[WhiteTeamCountry "TUR"]
[BlackTeamCountry "TUR"]

1. e4 Nc6 2. Nf3 e5 3. Bc4 Nf6 4. d3 Be7 5. 0-0 0-0 6. Re1 d6 7. a4 Na5 8. Ba2 c5 9. c3 Qc7 10. Na3 Bg4 11. h3 Bh5 12. Nc4 Nc6 13. Ne3 Rfe8 14. g4 Bg6 15. Nh4 Bf8 16. Qf3 Kh8 17. Nhf5 Nd8 18. h4 Ne6 19. h5 Bxf5 20. Nxf5 Qd8 21. g5 Ng8 22. Qg3 Rb8 23. Kg2 b5 24. axb5 Rxb5 25. Bd5 Qc7 26. Rh1 Ne7 27. Nxe7 Rxe7 28. g6 h6 29. gxf7 Nf4+ 30. Bxf4 exf4 31. Qxf4 Rxb2 32. Ra6 Re5 33. Ra2 Rg5+ 34. Kf3 Rxa2 35. Bxa2 Qa5 36. Qd2 Qd8 37. Bd5 Qf6+ 38. Ke2 Rg2 39. Kf1 Qf3 40. Rh4 Rg5 41. Rf4 Qxh5 42. Qe3 Qh1+ 43. Ke2 Qa1 44. Qd2 Rg1 45. Rf3 Rb1 46. Rg3 Rb2 47. Rg6 Rxd2+ 48. Kxd2 Qb2+ 49. Ke3 Qxc3 50. Re6 Qc1+ 51. Ke2 Qc2+ 52. Ke3 Qc1+ 53. Ke2 Qb2+ 54. Ke3 Qd4+ 55. Ke2 Qb2+ 56. Ke3 g5 57. Rg6 Bg7 58. f8Q+ Bxf8 59. Rg8+ Kh7 60. Rxf8 Qd4+ 61. Ke2 a5 62. Rd8 Qe5 63. Ra8 Qb2+ 64. Ke3 Qc1+ 65. Ke2 a4 66. Bc4 Qb2+ 67. Kf3 a3 68. Ra7+ Kg6 69. Ra6 Qf6+ 70. Kg2 Qf4 71. Rxa3 Kh5 72. Be6 g4 73. Bf5 Qf3+ 74. Kg1 Kh4 75. Kf1 g3 0-1

[Event "TUR-chT 1st League"]
[Site "Konya"]
[Date "2018.07.21"]
[Round "8.8"]
[White "Gundogan, Sinem Cagla"]
[Black "Nikolova, Adriana"]
[Result "0-1"]
[WhiteElo "2022"]
[BlackElo "2292"]
[PlyCount "72"]
[EventDate "2018.07.16"]
[EventType "team-swiss"]
[EventRounds "9"]
[EventCountry "TUR"]
[SourceTitle "EXT 2019"]
[Source "ChessBase"]
[SourceDate "2018.10.10"]
[SourceVersion "1"]
[SourceVersionDate "2018.10.10"]
[SourceQuality "1"]
[WhiteTeam "Salihli Sardes"]
[BlackTeam "Boranlar Mersin Toyota"]
[WhiteTeamCountry "TUR"]
[BlackTeamCountry "TUR"]

1. e4 c6 2. d4 d5 3. Nd2 dxe4 4. Nxe4 Nf6 5. Nxf6+ exf6 6. Bc4 Bd6 7. Ne2 Qc7 8. Ng3 0-0 9. 0-0 Be6 10. Bd3 g6 11. Bh6 Rd8 12. f4 f5 13. Bxf5 Bxf5 14. Nxf5 gxf5 15. Qh5 f6 16. Rf3 Bf8 17. Rg3+ Kh8 18. Qxf5 Qe7 19. Bxf8 Rxf8 20. Rf1 Nd7 21. Rff3 Rae8 22. Rh3 Rf7 23. Re3 Qf8 24. Kf2 Rxe3 25. Rxe3 Re7 26. Re6 Qe8 27. Rxe7 Qxe7 28. Kf3 Qd6 29. c3 Kg7 30. g4 Qd5+ 31. Qe4 Qxa2 32. g5 Qd5 33. Qxd5 cxd5 34. Kg4 Kg6 35. f5+ Kg7 36. h4 a5 0-1

[Event "EU-chT U18 Girls"]
[Site "Rymanow Zdroj"]
[Date "2017.08.22"]
[Round "6.5"]
[White "Rozman, Monika"]
[Black "Gundogan, Sinem Cagla"]
[Result "1-0"]
[WhiteElo "2082"]
[BlackElo "2067"]
[PlyCount "99"]
[EventDate "2017.08.17"]
[EventType "team-swiss"]
[EventRounds "7"]
[EventCountry "POL"]
[SourceTitle "CBM 180 Extra"]
[Source "ChessBase"]
[SourceDate "2017.10.06"]
[SourceVersion "1"]
[SourceVersionDate "2017.10.06"]
[SourceQuality "1"]
[WhiteTeam "Slovenia U18 Girls II"]
[BlackTeam "Turkey U18 Girls II"]
[WhiteTeamCountry "SLO"]
[BlackTeamCountry "TUR"]

1. e4 e5 2. Nf3 Nc6 3. Bc4 Bc5 4. c3 Nf6 5. d3 a6 6. Bb3 d6 7. 0-0 Ba7 8. Be3 0-0 9. Nbd2 h6 10. Re1 Nh5 11. Nf1 Qf6 12. Bxa7 Rxa7 13. Ne3 Ne7 14. d4 Nf4 15. Rc1 Ra8 16. Rc2 g5 17. Kh1 g4 18. dxe5 dxe5 19. Ng1 h5 20. Rd2 Kg7 21. Ne2 Qg5 22. Rd8 Be6 23. Rxa8 Rxa8 24. Nxf4 exf4 25. Qd4+ Kg6 26. Nd5 Nxd5 27. exd5 Bf5 28. d6 cxd6 29. Qxd6+ Qf6 30. Qxf4 Rd8 31. f3 Rd7 32. fxg4 hxg4 33. Rf1 Qg5 34. Qb8 Re7 35. Qg8+ Kf6 36. Qh8+ Kg6 37. Qg8+ Kf6 38. Qd8 Kg6 39. Bc4 Rd7 40. Qg8+ Kf6 41. Qh8+ Kg6 42. a4 Rd8 43. Qe5 f6 44. Qe7 Rd7 45. Qe8+ Kh6 46. b3 Rh7 47. Qf8+ Kg6 48. Qg8+ Kh6 49. Qxg5+ Kxg5 50. Rxf5+ 1-0

[Event "EU-chT U18 Girls"]
[Site "Rymanow Zdroj"]
[Date "2017.08.20"]
[Round "4.4"]
[White "Gundogan, Sinem Cagla"]
[Black "Narva, Mai"]
[Result "0-1"]
[WhiteElo "2067"]
[BlackElo "2210"]
[PlyCount "84"]
[EventDate "2017.08.17"]
[EventType "team-swiss"]
[EventRounds "7"]
[EventCountry "POL"]
[SourceTitle "CBM 180 Extra"]
[Source "ChessBase"]
[SourceDate "2017.10.06"]
[SourceVersion "1"]
[SourceVersionDate "2017.10.06"]
[SourceQuality "1"]
[WhiteTeam "Turkey U18 Girls II"]
[BlackTeam "Estonia U18 Girls"]
[WhiteTeamCountry "TUR"]
[BlackTeamCountry "EST"]

1. e4 c5 2. Nc3 Nc6 3. g3 g6 4. Bg2 Bg7 5. d3 d6 6. f4 e6 7. Nf3 Nge7 8. Be3 0-0 9. 0-0 Nd4 10. e5 Nef5 11. Bf2 Nxf3+ 12. Qxf3 Nd4 13. Bxd4 cxd4 14. Nb5 dxe5 15. fxe5 Bxe5 16. Rae1 Bg7 17. Re2 Bd7 18. a4 a6 19. Na3 Rb8 20. Nc4 Bxa4 21. Qf4 Bb5 22. Ne5 f6 23. Ng4 e5 24. Qd2 Qd6 25. Rfe1 Bc6 26. Bxc6 Qxc6 27. Qb4 Rbe8 28. Nf2 f5 29. c3 dxc3 30. bxc3 Rc8 31. d4 e4 32. Rc2 b5 33. Rd1 Qc4 34. Qd6 b4 35. Nh3 b3 36. Rb2 Rfd8 37. Qe7 Re8 38. Qd7 Rcd8 39. Qb7 Rb8 40. Qa7 Qxc3 41. Rbb1 e3 42. Ng5 e2 0-1

[Event "EU School-ch U17"]
[Site "Budva"]
[Date "2017.06.14"]
[Round "4"]
[White "Danilova, Rada"]
[Black "Gundogan, Sinem Cagla"]
[Result "1-0"]
[WhiteElo "1887"]
[BlackElo "2084"]
[PlyCount "44"]
[EventDate "2017.06.11"]
[EventType "swiss"]
[EventRounds "7"]
[EventCountry "MNE"]
[SourceTitle "EXT 2024"]
[Source "ChessBase"]
[SourceDate "2023.10.10"]
[SourceVersion "1"]
[SourceVersionDate "2023.10.10"]
[SourceQuality "1"]

1. d4 d5 2. c4 c6 3. cxd5 cxd5 4. Bf4 Nf6 5. e3 Nc6 6. Bd3 g6 7. Nc3 a6 8. Nf3 Bg7 9. 0-0 0-0 10. Rc1 Bf5 11. Bxf5 gxf5 12. Na4 Ne4 13. Qb3 Na5 14. Qb4 Nc4 15. Qxb7 Qa5 16. Nc3 Nxc3 17. Rxc3 Qxa2 18. Qxd5 Rac8 19. Qxf5 Qxb2 20. Ng5 Rfe8 21. Qxf7+ Kh8 22. Rxc4 h6 1-0

[Event "EU-ch (Women) 18th"]
[Site "Riga"]
[Date "2017.04.22"]
[Round "11"]
[White "De Seroux, Camille"]
[Black "Gundogan, Sinem Cagla"]
[Result "0-1"]
[WhiteElo "2122"]
[BlackElo "1885"]
[PlyCount "148"]
[EventDate "2017.04.11"]
[EventType "swiss"]
[EventRounds "11"]
[EventCountry "LAT"]
[SourceTitle "EXT 2018"]
[Source "ChessBase"]
[SourceDate "2017.10.13"]
[SourceVersion "1"]
[SourceVersionDate "2017.10.13"]
[SourceQuality "1"]

1. e4 e5 2. Nf3 Nc6 3. Nc3 Nf6 4. Be2 Be7 5. d4 d6 6. h3 0-0 7. 0-0 Re8 8. Re1 Bf8 9. Bf1 h6 10. Be3 a6 11. a4 exd4 12. Bxd4 Nxd4 13. Qxd4 c5 14. Qd2 Bd7 15. Rad1 Bc6 16. Bd3 Rb8 17. Qf4 Nh5 18. Qc1 b5 19. axb5 axb5 20. Nd5 Nf6 21. Nxf6+ Qxf6 22. b3 Ra8 23. Nh2 h5 24. Qd2 g6 25. Qe2 c4 26. bxc4 bxc4 27. Bxc4 Bxe4 28. Qd2 Rac8 29. Bd3 Ba8 30. Nf1 d5 31. Ng3 Bc5 32. Bb5 Rxe1+ 33. Rxe1 Rb8 34. Re8+ Rxe8 35. Bxe8 Qe5 36. Qe2 Qxg3 37. Bb5 Kg7 38. Qd2 Qe5 39. Qa5 Bb7 40. Bd7 Qd4 41. Qe1 Ba6 42. Bc6 Bc4 43. Bb7 Qf4 44. Bc6 Bd6 45. g3 Qf5 46. Be8 Qxh3 47. Qa1+ Kf8 48. Bc6 Kg8 49. Qa8+ Kh7 50. Qa7 Qe6 51. Kg2 Kg7 52. Bd7 Qe4+ 53. Kg1 Qe7 54. Qa1+ Be5 55. Qe1 Bf6 56. Qxe7 Bxe7 57. Kg2 Kf6 58. f4 Be2 59. Kf2 Bg4 60. Bc6 Bc5+ 61. Kg2 Ke6 62. Be8 Bf5 63. Ba4 Be4+ 64. Kh3 Bf5+ 65. Kg2 Bd4 66. Bb3 Bc3 67. Ba4 Kd6 68. Kf2 Kc5 69. Be8 f6 70. Ba4 Kd4 71. Bb3 Be4 72. Ba4 Bd2 73. Ke2 Kc3 74. Bb3 d4 0-1

[Event "EU-ch (Women) 18th"]
[Site "Riga"]
[Date "2017.04.16"]
[Round "6"]
[White "Movileanu, Daniela"]
[Black "Gundogan, Sinem Cagla"]
[Result "0-1"]
[WhiteElo "2213"]
[BlackElo "1885"]
[PlyCount "78"]
[EventDate "2017.04.11"]
[EventType "swiss"]
[EventRounds "11"]
[EventCountry "LAT"]
[SourceTitle "CBM 177 Extra"]
[Source "ChessBase"]
[SourceDate "2017.04.27"]
[SourceVersion "1"]
[SourceVersionDate "2017.04.27"]
[SourceQuality "1"]

1. e4 e5 2. Nf3 Nc6 3. Bb5 a6 4. Ba4 Nf6 5. 0-0 b5 6. Bb3 Be7 7. d4 d6 8. dxe5 Nxe5 9. Nxe5 dxe5 10. Qxd8+ Bxd8 11. Be3 Bb7 12. f3 Be7 13. Nd2 c5 14. c4 0-0 15. Rac1 Rfd8 16. Rfd1 Nd7 17. Nf1 b4 18. a3 a5 19. Ba4 Nf8 20. Kf2 Ne6 21. g3 Nd4 22. Bd2 f5 23. exf5 Bxf3 24. Re1 Bf6 25. Bc2 Nxc2 26. Rxc2 e4 27. Be3 b3 28. Rd2 Bd4 29. h3 a4 30. Rb1 Ra7 31. Nh2 Bxe3+ 32. Kxe3 Rxd2 33. Kxd2 Rd7+ 34. Ke3 Rd3+ 35. Kf4 Bg2 36. Ng4 Rf3+ 37. Ke5 Bxh3 38. Rd1 h5 39. Rd8+ Kh7 0-1